LDR 00747naa#a2200193#i#450# 001 EN\INFRA-M\bibl\126776 005 20260703064437.5 011 ## _a2305-7807 100 ## _a20260430b2026####ek#y0engy0150####ca 102 ## _aRU 200 1# _aCURRENT DIRECTIONS FOR IMPROVING THE HR MANAGEMENT SYSTEM OF RUSSIAN ORGANIZATIONS _eJournal article 210 1# _aMoscow _cINFRA-M Academic Publishing LLC. _d2026 215 ## _a5 с. 608 ## _aJournal article _2local 675 ## _aРабота с кадрами. Обеспечение кадрами. Внутренний распорядок. Трудовая дисциплина. 331.108 _z 700 #1 _aZaharov _gD. K. 700 #1 _aKashtanova _gYEkatyerina Viktorovna 700 #1 _aLobacheva _gA. S. 856 4# _anaukaru.ru _u